书目信息 |
| 题名: |
卫生间:温馨都市家居
|
|
| 作者: | 汤重熹 著 | |
| 分册: | ||
| 出版信息: | 广州 广东科技出版社 2000.02 |
|
| 页数: | 92页 | |
| 开本: | 32开 | |
| 丛书名: | ||
| 单 册: | ||
| 中图分类: | TU238 | |
| 科图分类: | ||
| 主题词: | 建筑设计 | |
| 电子资源: | ||
| ISBN: | 7-5359-2352-6 | |
| 000 | 00556nam0 2200193 45 | |
| 001 | 0009112018 | |
| 005 | 20000911203235.1 | |
| 010 | @a7-5359-2352-6@d18.00元 | |
| 100 | @a20000911d2000 km y0chiy0120 ea | |
| 101 | 0 | @achi |
| 105 | @a z 000yy | |
| 200 | 1 | @a卫生间:温馨都市家居@AWei Sheng Jian:Wen Xin Du Shi Jia Ju@f汤重熹 著@FTang Zhong Xi Zhu |
| 210 | @a广州@c广东科技出版社@d2000.02 | |
| 215 | @a92页@d32开 | |
| 606 | 0 | @a建筑设计 |
| 690 | @aTU238@v3 | |
| 701 | 0 | @a汤重熹@4著 |
| 801 | @aCN@bPftUser@c20000911 | |
| 905 | @b136378-397@dTU238@eY905@f20 | |
| 卫生间:温馨都市家居/汤重熹 著.-广州:广东科技出版社,2000.02 |
| 92页;32开 |
| ISBN 7-5359-2352-6:18.00元 |
| ● |
| 相关链接 |
|
|
|
正题名:卫生间:温馨都市家居
索取号:TU238/Y905
 
预约/预借
| 序号 | 登录号 | 条形码 | 馆藏地/架位号 | 状态 | 备注 |
| 1 | 136378 | 201363782 | 建筑库101/101建筑库 51排1列5层/ [索取号:TU238/Y905] | 在馆 | |
| 2 | 136379 | 201363791 | 自科二线404/404自科库 24排2列2层/ [索取号:TU238/Y905] | 在馆 | |
| 3 | 136380 | 201363808 | 自科二线404/404自科库 24排2列2层/ [索取号:TU238/Y905] | 在馆 | |
| 4 | 136381 | 201363817 | 自科二线404/404自科库 24排2列2层/ [索取号:TU238/Y905] | 在馆 | |
| 5 | 136382 | 201363826 | 建筑库101/101建筑库 51排1列5层/ [索取号:TU238/Y905] | 在馆 | |
| 6 | 136383 | 201363835 | 自科二线404/404自科库 24排2列2层/ [索取号:TU238/Y905] | 在馆 | |
| 7 | 136384 | 201363844 | 建筑库101/101建筑库 51排1列5层/ [索取号:TU238/Y905] | 在馆 | |
| 8 | 136385 | 201363853 | 自科二线404/404自科库 24排2列2层/ [索取号:TU238/Y905] | 在馆 | |
| 9 | 136386 | 201363862 | 自科二线404/404自科库 24排2列2层/ [索取号:TU238/Y905] | 在馆 | |
| 10 | 136387 | 201363871 | 自科二线404/404自科库 24排2列2层/ [索取号:TU238/Y905] | 在馆 | |
| 11 | 136388 | 201363880 | 自科二线404/404自科库 24排2列2层/ [索取号:TU238/Y905] | 在馆 | |
| 12 | 136389 | 201363899 | 建筑与城市规划学院资料室/101建筑库 24排2列1层/ [索取号:TU238/Y905] | 在馆 | |
| 13 | 136390 | 201363906 | 自科二线404/404自科库 24排2列2层/ [索取号:TU238/Y905] | 在馆 | |
| 14 | 136391 | 201363915 | 自科二线404/404自科库 23排3列5层/ [索取号:TU238/Y905] | 在馆 | |
| 15 | 136392 | 201363924 | 自科二线404/404自科库 24排2列2层/ [索取号:TU238/Y905] | 在馆 | |
| 16 | 136393 | 201363933 | 建筑库101/101建筑库 51排1列5层/ [索取号:TU238/Y905] | 在馆 | |
| 17 | 136394 | 201363942 | 自科二线404/404自科库 24排2列2层/ [索取号:TU238/Y905] | 在馆 | |
| 18 | 136396 | 201363960 | 建筑库101/101建筑库 51排1列5层/ [索取号:TU238/Y905] | 在馆 | |
| 19 | 136397 | 201363979 | 建筑与城市规划学院资料室/101建筑库 24排2列1层/ [索取号:TU238/Y905] | 在馆 |